Dôsledky slovenského členstva v EÚ v oblasti poľnohospodárstva
Prínosy a riziká vstupu slovenského poľnohospodárstva do Spoločnej poľnohospodárskej politiky (SPP) v rámci EÚ. Slovenské poľnohospodárstvo dostane prostriedky zamerané na priame platby, rozvoj vidieka a na trhové opatrenia. Zásadná zmena trhovej a dôchodkovej pozície slovenských agropotravinárskych...
Enregistré dans:
| Auteur principal: | |
|---|---|
| Format: | Chapitre de livre |
| Langue: | slovaque |
| Sujets: | |
| Tags: |
Pas de tags, Soyez le premier à ajouter un tag!
|
MARC
| LEADER | 00000naa$a2200000$$$4500 | ||
|---|---|---|---|
| 001 | 0045453 | ||
| 005 | 20240502071527.5 | ||
| 041 | 0 | |a slo | |
| 044 | |a SK | ||
| 245 | 1 | 0 | |a Dôsledky slovenského členstva v EÚ v oblasti poľnohospodárstva |c Viera Gavaľová |
| 520 | |a Prínosy a riziká vstupu slovenského poľnohospodárstva do Spoločnej poľnohospodárskej politiky (SPP) v rámci EÚ. Slovenské poľnohospodárstvo dostane prostriedky zamerané na priame platby, rozvoj vidieka a na trhové opatrenia. Zásadná zmena trhovej a dôchodkovej pozície slovenských agropotravinárskych výrobcov bude v zaniknutí ochrany domácich výrobcov voči konkurencii dovozov z krajín EÚ, cenová úroveň domácich agropotravinárskych produktov bude určená úrovňou intervencie SPP EÚ a ochrana domáceho trhu pred dovozmi z tretích krajín sa podstatne zvýši | ||
| 610 | 2 | 0 | |a poľnohospodárstvo |
| 610 | 2 | 0 | |a politika poľnohospodárska |
| 610 | 2 | 0 | |a Slovensko |
| 610 | 2 | 0 | |a Európska únia |
| 610 | 2 | 0 | |a vidiek |
| 610 | 2 | 0 | |a reštrukturalizácia |
| 100 | 1 | |a Gavaľová, Viera | |